The power of vision : (Record no. 2137)

MARC details
000 -LEADER
fixed length control field 00899cam a2200253 a 4500
001 - CONTROL NUMBER
control field 2030420
003 - CONTROL NUMBER IDENTIFIER
control field GBCCL
005 - DATE AND TIME OF LATEST TRANSACTION
control field 20241126110418.0
008 - FIXED-LENGTH DATA ELEMENTS--GENERAL INFORMATION
fixed length control field 920226s1992 cau b 000 0 eng
010 ## -
-- 92005439
020 ## - INTERNATIONAL STANDARD BOOK NUMBER
International Standard Book Number 0830715339
040 ## - CATALOGING SOURCE
Original cataloging agency DLC
Transcribing agency DLC
Modifying agency DLC
050 00 -
-- BV652.1
-- .B363 1992
082 00 - DEWEY DECIMAL CLASSIFICATION NUMBER
Classification number 253
Edition information 20
Item number BAR
100 1# - MAIN ENTRY--PERSONAL NAME
Personal name Barna, George.
9 (RLIN) 1012
245 14 - TITLE STATEMENT
Title The power of vision :
Remainder of title how you can capture and apply God's vision for your ministry /
Statement of responsibility, etc. George Barna.
260 ## - PUBLICATION, DISTRIBUTION, ETC.
Place of publication, distribution, etc. Ventura, Calif. :
Name of publisher, distributor, etc. Regal Books,
Date of publication, distribution, etc. c1992.
300 ## - PHYSICAL DESCRIPTION
Extent 184 p. ;
Dimensions 23 cm.
504 ## - BIBLIOGRAPHY, ETC. NOTE
Bibliography, etc. note Includes bibliographical references (p. [183]-184).
650 #0 - SUBJECT ADDED ENTRY--TOPICAL TERM
Topical term or geographic name entry element Christian leadership.
9 (RLIN) 1568
906 ## - LOCAL DATA ELEMENT F, LDF (RLIN)
a 7
b cbc
c orignew
d 1
e ocip
f 19
g y-gencatlg
942 ## - ADDED ENTRY ELEMENTS (KOHA)
Source of classification or shelving scheme Dewey Decimal Classification
Koha item type Books
Koha issues (borrowed), all copies 7
Holdings
Withdrawn status Lost status Source of classification or shelving scheme Damaged status Not for loan Home library Current Library Shelving location Date acquired Total checkouts Full call number Barcode Date last seen Date last checked out Copy number Price effective from Koha item type Total renewals
    Dewey Decimal Classification     GRACE BIBLE COLLEGE GRACE BIBLE COLLEGE Ministry & Mission 2017-07-06 1 253 BAR 011336 2025-05-01 2024-08-26 c.1 2017-07-06 Books  
    Dewey Decimal Classification     GRACE BIBLE COLLEGE GRACE BIBLE COLLEGE Ministry & Mission 2017-07-06   253 BAR 011337 2025-05-01   c.2 2017-07-06 Books  
    Dewey Decimal Classification     GRACE BIBLE COLLEGE GRACE BIBLE COLLEGE Ministry & Mission 2017-07-06 2 253 BAR 011338 2025-05-01 2022-09-02 c.3 2017-07-06 Books  
    Dewey Decimal Classification     GRACE BIBLE COLLEGE GRACE BIBLE COLLEGE Ministry & Mission 2017-07-06   253 BAR 011339 2025-05-01   c.4 2017-07-06 Books  
    Dewey Decimal Classification     GRACE BIBLE COLLEGE GRACE BIBLE COLLEGE Ministry & Mission 2017-07-06 3 253 BAR 011344 2025-05-01 2024-02-19 c.8 2017-07-06 Books  
    Dewey Decimal Classification     GRACE BIBLE COLLEGE GRACE BIBLE COLLEGE Ministry & Mission 2017-09-07   253 BAR 011340 2025-05-01   c.5 2017-09-07 Books  
    Dewey Decimal Classification     GRACE BIBLE COLLEGE GRACE BIBLE COLLEGE Ministry & Mission 2017-09-07   253 BAR 011341 2025-05-01   c.6 2017-09-07 Books  
    Dewey Decimal Classification     GRACE BIBLE COLLEGE GRACE BIBLE COLLEGE Ministry & Mission 2017-09-07   253 BAR 011342 2025-05-01   c.7 2017-09-07 Books  
    Dewey Decimal Classification     GRACE BIBLE COLLEGE GRACE BIBLE COLLEGE Ministry & Mission 2017-09-07 1 253 BAR 011343 2025-05-01 2022-09-02 c.8 2017-09-07 Books 1
© Grace Bible College Library 2025